000 00585nam a2200217 a 4500
001 20133
003 CO-ViMGA
008 141112s2004 ck r 000 u spa d
020 _a8495501570
040 _aCO-ViMGA
_bspa
_cCO-ViMGA
082 0 4 _aPe863.6 B792a
100 1 _aBryce Echenique, Alfredo
_929141
245 1 0 _aLa Amigdalitis de Tarzan
260 _aMadrid :
_bSantillana,
_c2001
300 _a330 p.
490 _aPunto de lectura
590 _aForma de adquisición : Premio Mincultura
650 1 4 _aNOVELA AMOROSA
_92079
650 1 4 _aNOVELA PERUANA
942 _2ddc
_cBK
999 _c29211
_d29211